| 000 | 00803nam a2200277 a 4500 | ||
|---|---|---|---|
| 001 | 000113347 | ||
| 003 | CHAP | ||
| 005 | 20220329144350.0 | ||
| 008 | 170609s2015 mx a |r| |||1|||spa d | ||
| 010 | _a109808 | ||
| 011 | _a110780 | ||
| 020 | _a9786073233781 | ||
| 040 | _cCHAP | ||
| 082 | 0 | 4 |
_a972.0836 _bD4 2015 |
| 100 | 0 | 0 |
_aDelgado de Cantú, Gloria M. _931607 |
| 245 | 1 | 0 |
_aHistoria de México : _blegado histórico y pasado reciente / _cpor Gloria M. Delgado de Cantú. |
| 250 | _a3 ed. | ||
| 260 |
_aMéxico : _bPearson Educación, _c2015. |
||
| 300 |
_axvi, 461 p. : _bil. |
||
| 590 |
_aE6096MTM _b05 _c20170609 _lUCH01 _h1212 |
||
| 650 | 1 | 4 |
_aMéxico _xHistoria _xRevolución. _976768 |
| 651 | 4 |
_aMéxico _xPolítica y gobierno. _976783 |
|
| 901 | _aBK | ||
| 942 | _cLIBRO | ||
| 942 | _n0 | ||
| 999 |
_c109808 _d109808 |
||